| 000 | 00971nam a22002177a 4500 | ||
|---|---|---|---|
| 008 | 110822s2002 ua||||| |||| 00| 0 ara d | ||
| 020 | _a977344015x | ||
| 082 |
_222 _a306.85 _bم ر س |
||
| 100 | 1 |
_926842 _aالمرسى ، الصفصافى أحمد |
|
| 245 |
_aالقيم الأسرية : _bبين الأصالة والمعاصرة / _cالصفصافى أحمد المرسى |
||
| 260 |
_aالقاهرة : _bدار الآفاق العربية ، _c2002. |
||
| 300 |
_a335 ص ؛ _c24 سم. |
||
| 504 | _aيشتمل على إرجاعات ببليوجرافية 323 - 331 | ||
| 650 | 0 |
_913554 _aالقيم الاجتماعية |
|
| 650 | 0 |
_926843 _aالقيم الاخلاقية |
|
| 650 | 0 |
_926844 _aالاسرة |
|
| 650 | 0 |
_917077 _aالعلاقات الأسرية |
|
| 653 |
_bGeneral _cAugust2011 |
||
| 942 |
_2ddc _cBB |
||
| 999 |
_c15891 _d15891 |
||